Real General Knowledge Quiz Stats

 Plays Quiz not verified by Sporcle

Score 0/20 Timer 10:00
0 Plays Today
Question Answer % Correct
George C. Scott refused the Oscar he was awarded for portraying which American General George Smith Patton Jr.
82.1%
Punic mililtary leader who took a force including Elephants through the Alps to attack RomeHannibal Barca
82.1%
Of the 12 US presidents to have held the rank of Brigadier General or higher, this was the most recentDwight David Eisenhower
78.6%
This WWII General was nicknamed the 'Desert Fox'Erwin Johannes Eugen Rommel
75%
When American Five-Star General Douglas MacArthur said 'I shall return', this is the country which he promised to liberateThe Philippines
60.7%
Title given to the leader of the United NationsSecretary-General of the United Nations
57.1%
Silent Film Comedian who wrote, produced, directed and starred in the 1926 hit 'The General'Buster Keaton
53.6%
American exhibition basketball team the [Blank] Generals best known for their 2,495-game losing streak against the Harlem GlobetrottersWashington
53.6%
General Defeated in the War of the Sixth Coalition having united Austria, Prussia, Russia, the United Kingdom, Portugal, Sweden, and Spain to stop himNapoleon Bonaparte
53.6%
American Manufacturing company established on September 16, 1908, in Flint, MichiganGeneral Motors
50%
Question Answer % Correct
General and King of the Franks who was known as the 'Father of Europe' and who united most of western Europe during the early Middle AgesCharlemagne
42.9%
The 'Spartan General' who served in WW1 and WW2. commanded all allied ground forces in the battle of Normandy, and took the German surrender on May 4, 1945Bernard Law Montgomery
35.7%
1999 Crime movie starring John Travolta based on the 1992 Nelson DeMille Book of the same NameThe General's Daughter
25%
Gilbert and Sullivan Operetta that contains the Modern Major General SongThe Pirates of Penzance
21.4%
The armies originally led by Ghengis Khan reached the gates of which European City before suddenly turning around and heading backVienna
21.4%
Name any of the three British Generals who held the title of Commander-in-Chief of the North American Forces during the American Revolutionary WarThomas Gage or William Howe or Henry Clinton
17.9%
General who served as Commander of US forces in Afghanistan and resigned as Director of the CIA in 2012 following an extramarital affairDavid Petraeus
17.9%
Name of the Argentinian Light Cruiser sunk by the British Nuclear Submarine HMS Conqueror during the Falkland Islands War of 1982ARA General Belgrano
14.3%
Major General whose heroic ride at the Battle of Chickamauga later helped him to be elected President.James Abram Garfield
7.1%
American Wargame Company who from 1964–1998 published the magazine 'The General'Avalon Hill
0%

You're not logged in!

Compare scores with friends on all Sporcle quizzes.
OR
Log In

Show Comments

Extras

Created Aug 21, 2015ReportNominate
Tags:General Knowledge Quiz

Top Quizzes Today


Score Distribution

Your Account Isn't Verified!

In order to create a playlist on Sporcle, you need to verify the email address you used during registration. Go to your Sporcle Settings to finish the process.

Report this User

Report this user for behavior that violates our Community Guidelines.

Details: